| Tag |
First Indicator |
Second Indicator |
Subfields |
| LEADER |
00000cam a2200000 a 4500 |
| 001 |
in00002109113 |
| 005 |
20151102184347.0 |
| 008 |
050419s2005 nyu 000 1 eng |
| 010 |
|
|
|a 2005011282
|
| 020 |
|
|
|a 0972002693 (pbk. : alk. paper)
|
| 035 |
|
|
|a (OCoLC)ocm59360086
|
| 040 |
|
|
|a DLC
|c DLC
|d OCLCQ
|d BAKER
|d C#P
|d TXA
|d UtOrBLW
|
| 043 |
|
|
|a n-us---
|
| 049 |
|
|
|a TXAM
|
| 050 |
0 |
0 |
|a PS3568.E698
|b D73 2005
|
| 082 |
0 |
0 |
|a 813/.54
|2 22
|
| 100 |
1 |
|
|a Resnick, Michael D.
|
| 245 |
1 |
0 |
|a Dragon America /
|c Mike Resnick.
|
| 264 |
|
1 |
|a New York :
|b Phobos Impact ;
|c [2005]
|
| 264 |
|
2 |
|a Lanham, Md. :
|b Distributed in the U.S. by National Book Network,
|
| 264 |
|
4 |
|c ©2005
|
| 300 |
|
|
|a x, 259 pages ;
|c 23 cm.
|
| 336 |
|
|
|a text
|b txt
|2 rdacontent
|
| 337 |
|
|
|a unmediated
|b n
|2 rdamedia
|
| 338 |
|
|
|a volume
|b nc
|2 rdacarrier
|
| 651 |
|
0 |
|a United States
|x History
|y Revolution, 1775-1783
|v Fiction.
|
| 600 |
1 |
0 |
|a Washington, George,
|d 1732-1799
|v Fiction.
|
| 600 |
1 |
0 |
|a Boone, Daniel,
|d 1734-1820
|v Fiction.
|
| 650 |
|
0 |
|a Dragons
|v Fiction.
|
| 655 |
|
7 |
|a Alternative histories (Fiction)
|2 gsafd
|
| 655 |
|
7 |
|a Fantasy fiction.
|2 gsafd
|
| 655 |
|
7 |
|a War stories.
|2 gsafd
|
| 856 |
4 |
1 |
|3 Table of contents
|u http://www.loc.gov/catdir/toc/ecip0511/2005011282.html
|t 0
|
| 994 |
|
|
|a C0
|b TXA
|
| 948 |
|
|
|a cataloged
|b h
|c 2006/1/24
|d c
|e jlanham
|f 11:17:20 am
|
| 999 |
|
|
|a MARS
|
| 999 |
f |
f |
|s 80b3a325-14d1-38c5-93df-5eb035bf282d
|i dc88922c-377b-39d9-8601-00e0d7b7ba03
|t 0
|
| 952 |
f |
f |
|p ric
|a Texas A&M University
|b Rellis Campus
|c Joint Library Facility
|s JLF
|d Remote Storage
|t 0
|e PS3568.E698 D73 2005
|h Library of Congress classification
|i unmediated -- volume
|m A14833416334
|
| 998 |
f |
f |
|a PS3568.E698 D73 2005
|t 0
|l Remote Storage
|